000 00702nam a2200289Ia 4500
005 20260324131552.0
008 008 260324s9999 xx 000 0 eng d
020 _a9780203960028
037 _aEBOOK
040 _aCRL
040 _beng
040 _cCRL
041 _2eng
041 _aeng
084 _qCRL
100 _aPrasanta Chakravarty
_91119544
245 0 _aLike Parchment in the Fire
245 0 _bLiterature and Radicalism in the English Civil War
260 _bTaylor and Francis
260 _c2006
365 _a
365 _b240
856 _uhttp://www.taylorfrancis.com/books/9780203960028
942 _cEBOOK
999 _c1783286
_d1783286